Playboy of the western world / (Record no. 20632)
[ view plain ]
| 000 -LEADER | |
|---|---|
| fixed length control field | 00727cam a2200241 a 4500 |
| 001 - CONTROL NUMBER | |
| control field | 20632 |
| 003 - CONTROL NUMBER IDENTIFIER | |
| rucl marc code | BD-RjUL |
| 005 - DATE AND TIME OF LATEST TRANSACTION | |
| control field | 20211209000606.0 |
| 008 - FIXED-LENGTH DATA ELEMENTS--GENERAL INFORMATION | |
| fixed length control field | 140301r19651961enk 000 0 eng d |
| 020 ## - INTERNATIONAL STANDARD BOOK NUMBER | |
| International Standard Book Number | 0713637994 |
| 035 ## - SYSTEM CONTROL NUMBER | |
| System control number | CURL 7m990713637994(BLi) from ajmc1 |
| System control number | (OCoLC)863321568 |
| -- | (BD-RjUL)20694 |
| 040 ## - CATALOGING SOURCE | |
| Original cataloging agency | BD-RjUL |
| Language of cataloging | eng |
| Transcribing agency | BD-RjUL |
| Modifying agency | BD-RjUL |
| 041 ## - LANGUAGE CODE | |
| Language code of text/sound track or separate title | eng |
| 082 ## - DEWEY DECIMAL CLASSIFICATION NUMBER | |
| Classification number | 822.912 |
| Edition number | 20 |
| Author mark and year | SYP 1965 |
| 100 1# - MAIN ENTRY--PERSONAL NAME | |
| Personal name | Synge, J. M. |
| Fuller form of name | (John Millington), |
| Dates associated with a name | 1871-1909. |
| 9 (RLIN) | 55924 |
| 245 10 - TITLE STATEMENT | |
| Title | Playboy of the western world / |
| Statement of responsibility, etc. | J. M. Synge |
| 260 ## - PUBLICATION, DISTRIBUTION, ETC. (IMPRINT) | |
| Place of publication, distribution, etc. | London : |
| Name of publisher, distributor, etc. | Methuen and Co Ltd, |
| Date of publication, distribution, etc. | 1961 [Reprinted 1965] |
| 300 ## - PHYSICAL DESCRIPTION | |
| Pagination | 127 p. ; |
| Size | 20 cm |
| 650 ## - SUBJECT ADDED ENTRY--TOPICAL TERM | |
| Topical term or geographic name as entry element | Plays |
| 9 (RLIN) | 63667 |
| 700 1# - ADDED ENTRY--PERSONAL NAME | |
| Personal name | Henn, T.M. |
| 942 ## - ADDED ENTRY ELEMENTS (KOHA) | |
| Source of classification or shelving scheme | Dewey Decimal Classification |
| Koha item type | Books |
| Lost status | Source of classification or shelving scheme | Damaged status | Not for loan | Collection code | Permanent Location | Current Location | Shelving location | Date acquired | Source of acquisition | Cost, normal purchase price | Total Checkouts | Full call number | Date last seen | Copy number | Koha item type |
|---|---|---|---|---|---|---|---|---|---|---|---|---|---|---|---|
| Dewey Decimal Classification | Fiction | Central Library, University of Rajshahi | Central Library, University of Rajshahi | 18/04/1967 | Black well | 4.00 | 822.912 SYP 1965 | 01/03/2014 | C-3 | Books |